Palabra y tul nasa / (Registro nro. 9540)

Detalles MARC
000 -CABECERA
Longitud fija campo de control 01357nam a22003255a 4500
003 - • IDENTIFICADOR DELl NÚMERO DE CONTROL
Identificador del número de control CO-BoRNBP
005 - • FECHA Y HORA DE LA ÚLTIMA TRANSACCIÓN
Fecha y hora de la última transacción 20230511225308.0
007 - • CAMPO FIJO DE DESCRIPCIÓN FÍSICA
Campo fijo de descripción física ta
008 - • CÓDIGOS DE INFORMACIÓN DE LONGITUD FIJA
Códigos de información de longitud fija 211019s2019 ck ff 000 0 spa d
040 ## - FUENTE DE LA CATALOGACIÓN
Centro catalogador de origen CO-BoBLA
Lengua de catalogación spa
Centro transcriptor CO-BoBLA
Normas de descripción rda
041 0# - • CÓDIGO DE LENGUA
Código de lengua del texto/banda sonora o título independiente spa
082 04 - • NÚMERO DE LA CLASIFICACIÓN DECIMAL DEWEY
Número de clasificación (R) 398.2089
Número del ítem I57p
Número de edición 21 ed.
110 2# - • PUNTO DE ACCESO PRINCIPAL-NOMBRE DE ENTIDAD CORPORATIVA
Nombre de entidad corporativa o nombre de jurisdicción como elemento inicial Instituto Nacional para Ciegos.
240 10 - • TÍTULO UNIFORME
Título uniforme <a href="Cauca-Bibliografa̕ regional">Cauca-Bibliografa̕ regional</a>
245 10 - • TITULO PROPIAMENTE DICHO
Título Palabra y tul nasa /
Mención de responsabilidad, etc. comunidad nasa del resguardo indg̕ena de San Jos,̌ Tierradentro ; ilustraciones: jv̤enes y niǫs de la comunidad Edwin Mumucu ;̌ transcripcin̤ y diseǫ Catherine Espitia, Mauricio Ballň.
246 01 - • VARIANTES DE T&Iacute;TULO
Título propio / Título en breve Textos en espaǫl y en braille
250 ## - • MENCI&Oacute;N DE EDICI&Oacute;N
Mención de edición 1a. edición
264 #4 - PRODUCCI&Oacute;N, PUBLICACI&Oacute;N , DISTRIBUCI&Oacute;N, FABRICACI&Oacute;N Y COPYRIGHT
Lugar de producción, publicación, distribución, fabricación Bogot :̀
Nombre del productor, editor, distribuidor, fabricante Instituto Nacional para Ciegos,
Fecha de de producción, publicación, distribución, fabricación o copyright 2019.
300 ## - • DESCRIPCI&Oacute;N F&Iacute;SICA
Extensión 35 pg̀inas ;
Dimensiones 28 cm.
336 ## - TIPO DE CONTENIDO
Término de tipo de contenido texto
Código de tipo de contenido txt [
Fuente rdacontent]
337 ## - TIPO DE MEDIO
Nombre del tipo de medio sin mediacin̤
Código del tipo de medio n [
Fuente rdamedia]
338 ## - TIPO DE SOPORTE
Nombre del tipo de soporte volumen
Código del tipo de soporte nc [
Fuente rdacarrier]
650 #4 - • PUNTO DE ACCESO ADICIONAL DE MATERIA - T&Eacute;RMINO DE MATERIA
Término de materia o nombre geográfico como elemento inicial Leyendas indg̕enas colombianas
Subdivisión de materia general Vida social y costumbres.
Fuente del encabezamiento o término LEMB
650 #4 - • PUNTO DE ACCESO ADICIONAL DE MATERIA - T&Eacute;RMINO DE MATERIA
Término de materia o nombre geográfico como elemento inicial Indg̕enas de Colombia
Subdivisión de forma Cuentos y leyendas.
Fuente del encabezamiento o término LEMB
650 #4 - • PUNTO DE ACCESO ADICIONAL DE MATERIA - T&Eacute;RMINO DE MATERIA
Término de materia o nombre geográfico como elemento inicial Leyendas
Subdivisión geográfica Colombia
Subdivisión de materia general Aspectos sociales.
Fuente del encabezamiento o término LEMB
700 1# - • PUNTO DE ACCESO ADICIONAL - NOMBRE DE PERSONA
Nombre de persona Espitia, Catherine,
Término indicativo de función transcripcin̤ y diseǫ.
700 1# - • PUNTO DE ACCESO ADICIONAL - NOMBRE DE PERSONA
Nombre de persona Ballň, Mauricio,
Término indicativo de función transcripcin̤ y diseǫ.
942 ## - ENTRADA DE ELEMENTOS AGREGADOS (KOHA)
Fuente de clasificaión o esquema Dewey Decimal Classification
Koha [por defecto] tipo de item LIbro
949 ## - TRATAMIENTO DE LA INFORMACI&Oacute;N LOCAL (OCLC)
a c
b c
Existencias
Perdido Fuente de clasificaci&oacute;n o esquema Estado Físico No para pr&eacute;stamo Forma de adquisición Localizaci&oacute;n permanente Localizaci&oacute;n actual Localización en estanterías Fecha adquisici&oacute;n Pr&eacute;stamos totales Signatura completa C&oacute;digo de barras Fecha &uacute;ltima consulta N&uacute;mero de copia Fecha del precio de reemplazo Tipo de item de Koha
  Dewey Decimal Classification     Infantil Biblioteca Pública Dorado Biblioteca Pública Dorado Sala Infantil 05/11/2023   LM KUT1 DOR02914 05/11/2023 Ej.1 05/11/2023 LIbro









Instituto Departamental de Cultura del Meta - Red Departamental de Bibliotecas Públicas del Meta.